| 000 | 00841cam a2200229 4500 | ||
|---|---|---|---|
| 001 | WB3606-03 | ||
| 008 | 000000n2000 000 0 eng u | ||
| 035 | _a(Sirsi) u104115 | ||
| 245 | _aEgan initiatives | ||
| 260 | _c2000 | ||
| 490 |
_aBuilding _v265(8122) 4 February 2000, 12(1) |
||
| 520 | _aThe Construction Industry Board is to propose the creation of a single body to oversee and implement Egan initiatives which are at present dealt with by a number of groups, such as the Construction Best Practice Programme and the Movement for Innovation | ||
| 590 | _aWB | ||
| 650 | _aEGAN REFORMS | ||
| 650 | _aCONSTRUCTION INDUSTRY BOARD | ||
| 650 | _aEGAN REFORMS | ||
| 650 | _aCONSTRUCTION BEST PRACTICE PROGRAMME | ||
| 650 | _aMOVEMENT FOR INNOVATION | ||
| 650 | _aBEST PRACTICE | ||
| 690 | _aBUILT ENVIRONMENT | ||
| 942 | _n0 | ||
| 999 |
_c62490 _d62490 |
||